000 nam a22 7a 4500
999 _c29318
_d29318
008 171125b xxu||||| |||| 00| 0 eng d
020 _a9780335220915
050 _aLB 2321 .B72 2007
100 _aBrockbank Anne, Ian McGill.
_d2007.
245 _aFacilitating Reflective Learning in Higher Education /
_cBrockbank Anne, Ian McGill.
250 _a2nd ed.
260 _aUSA:
_bOpen University press,
_c2007.
300 _axiv, 382p. :ill.
_bincludes bibliographical references and index.
_c24cm
650 _aCollege teaching.
942 _2lcc
_cBOOKS
_hLB 2331 .B72 2007